Andersencia Mariana Čechová

Bibliographic Details
Main Author: Čechová, Mariana, 1980- (Author)
Format: Book
Language:Slovak
PhysicalDescription:120 strán ilustrácie 21 cm
Published: Praha Verbum 2019
ISBN:9788087800591
Subjects:

MARC

LEADER 00000cam a2200000 4500
001 vtls011977588
003 SK-MaSNL
005 20260301145559.0
008 210624s2019 xr a grn 000 1 slo
015 |a SNBZSA2020/11 
020 |a 9788087800591  |q (brožované) 
035 |a urn:nbn:sk:snk-am00ensn 
035 |a urn:nbn:sk:snk-am3il15 
035 |a 565E9722-EAEC-4F14-AB8A-CEDD279A61C5 
040 |a SNK  |b slo  |c SNK  |e rda 
041 0 |a slo  |b eng 
044 |a xr  |c CZ 
072 7 |a 82.0  |x Literatúra (teória)  |2 konspekt 
080 |a 82.09-052  |2 2011 
080 |a 82.09  |2 2011 
080 |a 82:81'22  |2 2011 
080 |a (048.8)  |2 2011 
100 1 |a Čechová, Mariana,  |d 1980-  |4 aut  |9 248423 
245 1 0 |a Andersencia  |b Mariana Čechová 
264 1 |a Praha  |b Verbum  |c 2019 
300 |a 120 strán  |b ilustrácie  |c 21 cm 
336 |a text  |b txt  |2 rdacontent 
337 |a bez média  |b n  |2 rdamedia 
338 |a zväzok  |b nc  |2 rdacarrier 
366 |e 250 kusov 
504 |a Obsahuje bibliografiu a bibliografické odkazy, anglické resumé 
600 1 7 |a Andersen, Hans Christian,  |d 1805-1875  |2 SNKMA  |9 243296 
650 0 7 |a literárne postavy  |2 SNKPH  |9 66393 
650 0 7 |a literárnovedné rozbory  |2 SNKPH  |9 241582 
650 0 7 |a literárna semiotika  |2 SNKPH  |9 182729 
650 0 7 |a Literary characters  |2 SNKPHeng  |9 344461 
650 0 7 |a Literary criticism and history  |2 SNKPHeng  |9 270823 
650 0 7 |a Literary semiotics  |2 SNKPHeng  |9 416857 
655 7 |a monografie  |2 SNKPH  |9 70139 
655 7 |a Monographs  |2 SNKPHeng  |9 120675 
919 |a 978-80-87800-59-1 
958 |a NB 
958 |a LX 
958 |a ZS 
999 |c 780672  |d 782602 
952 |a SNK  |b SNK  |y PREZ  |7 0  |p 17A1429966  |o snkSC 190051  |i snk2020/15221  |8 1  |0 0  |1 0  |4 0  |d 2020-08-26  |f 1  |l 0  |r 2025-10-07 00:00:00  |w 2026-02-24 
952 |a SNK  |b SNK  |y VYP  |7 0  |p 17A1429957  |o snkSC 190051 D1  |i snk2020/15222  |8 1  |0 0  |1 0  |4 0  |d 2020-08-26  |l 0  |r 2026-02-24 01:03:28  |w 2026-02-24